000
00194 a2200097 4500
001
58643
100
_a
245
_a
Islam in south asia
260
_a
Islamabad
_b
_c
1993
090
_c
35968
_d
35968
942
_a
NUST-CAE
_c
_c
28855
999
_c
293716
_d
293716